Invertir en la seguridad alimentaria. Investir dans la sécurité alimentaire. Investing in food security
Uloženo v:
| Korporativní autor: | |
|---|---|
| Médium: | Text |
| Vydáno: |
Roma:
FAO
|
| Tagy: |
Přidat tag
Žádné tagy, Buďte první, kdo vytvoří štítek k tomuto záznamu!
|
MARC
| LEADER | 00000 a a2200000 04500 | ||
|---|---|---|---|
| 001 | 24055 | ||
| 003 | |||
| 040 | |||
| 090 | |a 170700 | ||
| 110 | |a FAO | ||
| 245 | |a Invertir en la seguridad alimentaria. Investir dans la sécurité alimentaire. Investing in food security | ||
| 260 | |a Roma: |b FAO | ||
| 300 | |a 16 p. | ||
| 999 | |c 11745 |d 11745 | ||
